000 00277nam a22001337a 4500
003 SGT
020 _a9788131234600
082 _a362
_bGOE
100 _aGOEL, SONU
245 _aHOSPITAL ADMINISTRATION
260 _bELSEVIER PUB.
_c2014
300 _a463
942 _2ddc
_cBK
_013
999 _c15719
_d15719